1951 1604 1519 1286 1746 1184 1918 1891 1156 1153 1212 1925 1812 1718 1978 1344 1241 1029 1140 1373 1075 1320 1924 1787 1467 1112 1868 1372 1126 1747 1704 1031 1039 1704 1378 1065 1635 1446 1596 1639 1172 1744 1788 1720 1206 1016 1558 1855 1110 1778 1636 1941 1229 1830 1620 1890 1219 1833 1749 1920 1019 1865 1985 1175 1277 1583 1796 1184 1911 1850 1483 1323 1372 1708 1709 1076 1564 1306 1660 1644 1433 1851 1750 1252 1048 1191 1842 1233 1671 1334 1569 1108 1351 1683 1896 1948 1553 1557 1833 BCNSPRNW ULIB Ver.6.0+V

เปลี่ยนเป็นภาษาไทย

Change to English
 แสดงรายละเอียดบรรณานุกรม
  กลับหน้าหลัก

Brief Record : Get Marc (ISO 2709) : E-mail record : QR code < ปิดหน้าต่าง
LEADER : 00000nam 2200000uu 4500
001    13399112132
003     ULIB
008    110228s2535||||th 000 0 tha d
020    97458735
060 04 WY16^bฟ51ส 2535
100 0  ฟาริดา อิบราฮิม
245 10 สาระแห่งวิชาชีพการพยาบาล /^cฟาริดา อิบราฮิม
260    [กรุงเทพฯ] :^bสามเจริญพาณิชย์,^c2535
300    292 หน้า
650  7 วิชาชีพพยาบาล
650  7 การพยาบาล
945    ^p0^l0^i007585
945    ^p0^l0^i007586
945    ^p0^l0^i007587
995    ทศพร
999 ^a ใช้งานได้ทุกระบบ
รายการนี้ยังไม่มีแท็ก
คุณยังไม่ได้ล็อกอิน คุณสามารถมีกิจกรรมร่วมกับเว็บไซต์ได้ แต่ต้องล็อกอินก่อน ::
  ล็อกอิน

รายการสื่อสารสนเทศ

ลำดับที่ ประเภท เลขเรียก/บาร์โค้ด สถานที่ สถานะ
- ไม่พบข้อมูล -

รายการใกล้เคียง
    ผู้แต่ง [ฟาริดา อิบราฮิม]

    หัวเรื่อง [วิชาชีพพยาบาล]
    หัวเรื่อง [การพยาบาล]

BibComment


ยังไม่เคยถูกคอมเมนท์

คอมเมนท์ทรัพยากรรายการนี้
  คอมเมนท์: สาระแห่งวิชาชีพกา..


 Copyright 2026. Bcnsprnw @Library